000 00800nam a2200181Ia 4500
008 100920s9999 xx 000 0 und d
082 _b30011
_a38 थ 73
100 _aसंपा. जोग रा.श्री.
245 _aमराठी वाड्र.मय इतिहास.खंड तिसरा.
260 _bमहाराष्ट्र-साहित्य-परिषद, पुणे 30.
_c1973
300 _a659
_bसाधी
365 _b30
520 _aशताब्दी ग्रंथ.
630 _aमराठी वाड्र.मय इतिहास.खंड तिसरा.
650 _aशताब्दी ग्रंथ.
730 _aमराठी वाड्र.मय इतिहास.खंड तिसरा.
942 _cBOOK
999 _c685498
_d685495